Engineering physics-II / (Record no. 38718)

MARC details
000 -LEADER
fixed length control field 00762nam a22002177a 4500
005 - DATE AND TIME OF LATEST TRANSACTION
control field 20100802150512.0
010 ## - LCCN (DPL NO)
LC control number ENG-97578
020 ## - INTERNATIONAL STANDARD BOOK NUMBER
International Standard Book Number 9788190775717
Terms of availability 200.00
035 ## - SYSTEM CONTROL NUMBER
System control number EN-81111
037 ## - SOURCE OF ACQUISITION
Source of stock number/acquisition DBAD/PUB
082 ## - DEWEY DECIMAL CLASSIFICATION NUMBER
Classification number 530.02462
100 ## - MAIN ENTRY--PERSONAL NAME
Personal name Amutha, R
245 ## - TITLE STATEMENT
Title Engineering physics-II /
Statement of responsibility, etc by R. Amutha
260 ## - PUBLICATION, DISTRIBUTION, ETC. (IMPRINT)
Place of publication, distribution, etc Tiruchengode
Name of publisher, distributor, etc Pranav Publication
Date of publication, distribution, etc 2010
270 ## - ADDRESS
Address No.5, 5th Street, Thailambigai Nagar
City Tiruchengode
Postal code 637211
300 ## - PHYSICAL DESCRIPTION
Extent various pagings:
Other physical details ill.
Dimensions 24cm (pbk)
500 ## - GENERAL NOTE
General note Includes index
650 ## - SUBJECT ADDED ENTRY--TOPICAL TERM
Topical term or geographic name as entry element Physics
942 ## - ADDED ENTRY ELEMENTS (KOHA)
Source of classification or shelving scheme Dewey Decimal Classification
Item type English Books
Classification part 530.02462
Call number suffix AMU
Holdings
Withdrawn status Lost status Not for loan Collection code Home library Current library Date acquired Source of acquisition Cost, normal purchase price Full call number Barcode Copy number Cost, replacement price Koha item type
    Not For Loan Non-fiction D.B.Act.Division D.B.Act.Division 02/08/2010 DBAD/PUB 200.00 530.02462 AMU EN-81111 1 200.00 English Books

© Delhi Public Library
Hit Counter
free hit counter